FIFA World Cup 2026 countries (ALL 48) - Statistics

General Stats
  • This quiz has been taken 334 times
    50 since last reset
  • The average score is 41 of 48
Answer Stats
Hint Answer % Correct
I France
97%
K Portugal
97%
J Argentina
94%
L England
94%
E Germany
94%
A Mexico
94%
I Norway
94%
H Spain
94%
J Algeria
90%
B Bosnia
90%
C Brazil
90%
B Canada
90%
K Colombia
90%
C Scotland
90%
I Senegal
90%
B Switzerland
90%
D United States
90%
G Belgium
87%
L Croatia
87%
E Curaçao
87%
L Ghana
87%
C Morocco
87%
F Netherlands
87%
A South Korea
87%
D Turkey
87%
J Austria
84%
E Ecuador
84%
G Egypt
84%
G Iran
84%
I Iraq
84%
F Japan
84%
L Panama
84%
D Paraguay
84%
A South Africa
84%
F Sweden
84%
D Australia
81%
C Haiti
81%
J Jordan
81%
H Uruguay
81%
K Congo
77%
F Tunisia
77%
A Czechia
74%
H Saudi Arabia
74%
K Uzbekistan
74%
H Cabo Verde
71%
E Ivory Coast
71%
B Qatar
68%
G New Zealand
65%
No matching quizzes found
Score Distribution
Percent of People with Each Score
Percentile by Number Answered
Your Score History
You have not taken this quiz since the last reset